000 00484nam a2200193Ia 4500
003 GCL
008 140319s9999 xx 000 0 aFre d
020 _a3822883662
040 _aGCL /
_cGCL
082 0 4 _a759
_bW P
100 1 _aWUNDRAM, MANFRED
245 1 0 _aLA PIENTURE DE LA RENAISSANCE /
_cWUNDRAM, MANFRED
260 _aالمانيا :
_bTASCHEN ،
_c1998
300 _a30 CM ؛
_c160 P
650 0 4 _aARTS
650 0 4 _aPAINTING
650 0 4 _aPAINTERS
942 _2ddc
_cBK
999 _c7069
_d7069